International symposium problems of complex ores utilization

Salvato in:
Dettagli Bibliografici
Autori principali: Habashi, Fathi (Autore), Beloglazov, Ilya N (Autore), Galnbek, Arnold A (Autore)
Natura: Libro
Lingua:inglese
Pubblicazione: s.l Gordon and Breach Publishers 1995
Soggetti:
Tags: Aggiungi Tag
Nessun Tag, puoi essere il primo ad aggiungerne!!

MARC

LEADER 00000cam a2200000 a 4500
001 UCF9712
003 CL-VaPUC
008 131206e199500000 1 eng d
082 0 4 |a 669  |b HAB  |2 21 
100 |a Habashi, Fathi  |e author  |9 622016 
700 1 |a Beloglazov, Ilya N  |e author  |9 622017 
700 1 |a Galnbek, Arnold A  |e author  |9 622018 
245 1 0 |a International symposium problems of complex ores utilization 
260 |a s.l  |b Gordon and Breach Publishers  |c 1995 
300 |a 261 p 
500 |a La obra corresponde al volumen 15, números 1-4 de la Mineral Processing and Extractive Metallurgy Review: an international journal 
650 0 7 |a TECNOLOGIA METALURGICA  |2 CL-VaPUC  |9 342977 
650 0 0 |a Industria metalúrgica  |9 364008 
650 0 7 |a QUIMICA METALURGICA  |2 CL-VaPUC  |9 361125 
650 0 0 |a Metales   |9 260686 
650 0 0 |a Reacciones químicas  |9 259438 
942 |c BK 
945 |a dcastane  |d 20131206 11:14:00 
546 |a En Inglés 
536 |a Saint Petersburg Mining Institute 
518 |p International Symposium Problems of Complex Ores Utilization, 1, Saint Petersburg-Rusia, 10 al 14 de mayo de 1994 
999 |c 384746  |d 384744 
583 |k Rodrigo Vera 
952 |0 0  |1 0  |3 erb  |4 0  |6 669_000000000000000_HAB_1995  |7 0  |8 A  |9 507678  |a BIBING  |b BIBING  |i 5031885  |o 669 HAB 1995  |p 5031885  |r 2025-01-20  |w 2020-01-23  |y BK  |z Catalogado en:20131206  |k EIQ